FLOODS IN BANGLADESH (Record no. 33602)

MARC details
000 -LEADER
fixed length control field 00356nam a22001337a 4500
003 - CONTROL NUMBER IDENTIFIER
control field SGT
020 ## - INTERNATIONAL STANDARD BOOK NUMBER
International Standard Book Number 9789280811216
082 ## - DEWEY DECIMAL CLASSIFICATION NUMBER
Classification number 363.3493
Item number HOF
100 ## - MAIN ENTRY--PERSONAL NAME
Personal name HOFER THOMAS
245 ## - TITLE STATEMENT
Title FLOODS IN BANGLADESH
Remainder of title HISTORY DYNAMICS AND RETHINKING THE ROLE OF THE HIMALAYAS
260 ## - PUBLICATION, DISTRIBUTION, ETC. (IMPRINT)
Place of publication, distribution, etc JAPAN
Name of publisher, distributor, etc UNITED NATION UNIVERSITY
Year of Publication 2006
300 ## - PAGE DESCRIPTION
No. of Pages 468
942 ## - ADDED ENTRY ELEMENTS (KOHA)
Source of classification or shelving scheme Dewey Decimal Classification
Koha item type Books
Holdings
Withdrawn status Lost status Source of classification or shelving scheme Damaged status Not for loan Collection code Home library Current library Date acquired SGTU Total Checkouts Full call number Accession No. (Barcode) Date last seen Bill Date Koha item type
    Dewey Decimal Classification   Not For Loan LAW SGT Science & Social Sciences Library SGT Science & Social Sciences Library 27/01/2026 SGTU   363.3493 HOF FL3939 27/01/2026 27/01/2026 Books